|
|
|
|
| LEADER |
00000cam a2200000 7i4500 |
| 001 |
0000012682 |
| 005 |
20080101.0 |
| 008 |
071228 |
| 020 |
|
|
|a 9830994643
|
| 090 |
0 |
0 |
|a 297.44
|b ABD
|
| 100 |
1 |
|
|a ABD Al-Shamad Al-Jawi Al-Falimbani, Al-Syaikh
|
| 245 |
1 |
0 |
|a Jalan kemuliaan ahli sufi
|c Al-Syaikh Abd Al-Shamad al-Jawi Al-Falimbani;penterjemaah Al Faqir Iallah Akmal Al-Fandahani
|
| 260 |
|
|
|a Kuala Lumpur :
|b Al-Hidayah ,
|c 2003
|
| 650 |
|
0 |
|a Islamic ethics
|
| 650 |
|
0 |
|a Religious life
|x Islam
|
| 650 |
|
0 |
|a Sufism
|
| 700 |
0 |
|
|a Al Faqir Ilallah Akma Al-Fandahanil
|
| 710 |
0 |
|
|a Title
|
| 999 |
|
|
|a 0000924495
|b Book
|c Adult Collection
|e Cawangan Bukit Gambir
|
| 999 |
|
|
|a 0000934027
|b Book
|c Adult Collection
|e Cawangan Tangkak
|
| 999 |
|
|
|a 0001006882
|b Book
|c Adult Collection
|e Perbadanan Perpustakaan Awam Johor
|
| 999 |
|
|
|a 0001006884
|b Book
|c Adult Collection
|e Perbadanan Perpustakaan Awam Johor
|